000 00897nas a2200289 4500
001 BR0603627
003 BR-BrBNA
005 20231205110239.0
007 ta
008 230509b bl.|||p| |||| 00| 00por d
040 _aBR-BrBNA
_bpor
_cBiblioteca Nacional de Agricultura
041 _a(Pt)
072 _aF01
100 1 _aTecchio, M.A.
100 1 _aPires, E.J.P.
100 1 _aRodrigues, J.D.
100 1 _aVieira, C.R.Y.I.
100 1 _aTerra, M.M.
100 1 _aBotelho, R.V.
245 1 _aAplicação de bioestimulante nas características ampelométricas da infrutescência da videira 'Tieta'
650 _aUVA
650 _aÁCIDO GIBERÉLICO
650 _aREGULADOR DE CRESCIMENTO
773 0 _tRevista Brasileira de Fruticultura (Brazil)
_xISSN 0100-2945
_g(Aug 2005), v. 27(2) p. 300-303
_wBR0603627
909 _a202311
_bLúcia
_c55
_dLúcia Elande
942 _2AGRIS
_n0
_cANA
999 _c186667
_d186667